|
|
|
|
| LEADER |
00000nam a22000007a 4500 |
| 005 |
20220620164743.0 |
| 007 |
cr|||| |||| |
| 008 |
220620s2021 es |||||s|||| 00||0 spa d |
| 020 |
|
|
|a 978-84-1377-894-5
|
| 035 |
|
|
|a 36110
|
| 040 |
|
|
|a vLex
|
| 090 |
|
|
|c 13439
|d 13439
|
| 100 |
1 |
|
|a Ayuso, Miguel
|
| 245 |
1 |
2 |
|a La crisis de la cultura polt̕ica catl̤ica
|h [Recurso electrn̤ico] /
|c Miguel Ayuso
|
| 256 |
|
|
|a Servicio en ln̕ea
|
| 260 |
|
|
|a Madrid:
|b Dykinson,
|c 2021
|
| 300 |
|
|
|a 1 recurso electrn̤ico
|
| 500 |
|
|
|a La cultura polt̕ica catl̤ica, especificacin̤ de la cultura polt̕ica cls̀ica, se halla en una grave crisis. Si en un primer momento combati ̤a la modernidad teorťicamente con tan sl̤o cesiones prc̀ticas, de naturaleza tc̀tica o estratǧica, en un momento posterior ha llegado no sl̤o a depender de ella en su oposicin̤, sino incluso a aceptarla, dimitiendo de la lucha y buscando el abrazo con el mundo. Este libro, al tiempo que traza la historia del problema, subraya las apora̕s de esa nueva situacin̤ presente.
|
| 506 |
1 |
|
|a Disponible solo en los productos indicados
|d vLex Global
|d vLex Global (Academic Edition, excluding Law Schools)
|d vLex Global (U.S. Academic Edition, Law Schools)
|d vLex Global (U.S. Academic Edition, excluding Law Schools)
|d vLex Global (Academic Edition, Law Schools)
|
| 650 |
0 |
4 |
|a Derecho Militar
|z Espaą
|
| 650 |
0 |
4 |
|a Filosofa̕ y religin̤
|z Espaą
|
| 740 |
0 |
|
|a vLex Libros (Servicio en ln̕ea)
|
| 856 |
4 |
0 |
|u https://app.vlex.com/#/sources/36110
|z Acceso restringido
|
| 942 |
|
|
|c BOOK
|
| 999 |
0 |
|
|a Military Law
|
| 999 |
0 |
|
|a Philosophy and religion
|